MDQL
is popping MORE tags! Check the
thread
!
Quizzes
Events
Quiz Creation
Community
Videos
Private Events
Remove Ads
Sign In
Join for FREE
Feedback
Dark Mode
Quiz Categories
Sports
Geography
Music
Movies
Television
Just For Fun
Miscellaneous
History
Literature
Language
Science
Gaming
Entertainment
Religion
Holiday
For Kids
Quiz Lab
Recent
Popular Today
Quiz Kudos Today
Editor Picks
Curator Picks
Quizzes by...
Day
Popularity
Type
Ratings
Length
Year
Community
Subscriptions
Recent Discussions
Orange Saloon
Badges
Playlists
Quests
Create
Leaderboards
Showdown
Live 5
Trivia Bingo
Activity
Puzzle Library
Sporcle Events
Private Events
Virtual Trivia
Globe League
Become a Host
Pub Owners
SporcleCon
Opinionation
Our Games
Videos
Blog
Mobile Apps
Partnerships
Remove Ads and Go Orange
Feedback
Sports
Athletes
MLB
NBA
NHL
NFL
Soccer
Sports Teams
WWE
NCAA
Football
Premier League
Basketball
Baseball
Hockey
Golf
Tennis
Cricket
Rugby
Auto Racing
Olympics
World Cup
Sports
Athletes
MLB
NBA
NHL
NFL
Soccer
Sports Teams
WWE
NCAA
Football
Premier League
Basketball
Baseball
Hockey
Golf
Tennis
Cricket
Rugby
Auto Racing
Olympics
World Cup
Random Quiz
Search Sporcle
×
Quiz Lab
Quiz Lab
Sports
Baseball
Type in answers that appear in a list
Type in answers that appear in a list
Classic
Best Score? Go Orange.
20 game winners of the nineties Stats
Can you name the 20 game winners of the nineties?
By
grouchoatty
10m
29 Questions
346 Plays
346 Plays
346 Plays
Comments
Comments
Give Quiz Kudos
Give Quiz Kudos
-
- Ratings
hide this ad
Replay
Link that replays current quiz
Next Quiz
Link to next quiz in quiz playlist
You Got
0%
They Got
Avg Score
71%
Avg Friend Score
Upgrade to see
Score Distribution
Jump to the score distribution portion of the page
Score
0/29
Timer
10:00
0
Plays Today
Team
Player
% Correct
Braves
Greg Maddux
99.4%
Cubs
Greg Maddux
99.4%
Braves
Tom Glavine
98.8%
Braves
John Smoltz
98.3%
Red Sox
Roger Clemens
97.7%
Blue Jays
Roger Clemens
97.7%
Red Sox
Pedro Martinez
91.6%
Dodgers
Ramon Martinez
91.3%
Mariners
Randy Johnson
85.8%
Yankees
Andy Pettitte
84.1%
Yankees
David Cone
82.4%
Athletics
Dave Stewart
78.9%
Blue Jays
Jack Morris
76.3%
White Sox
Jack McDowell
75.7%
Pirates
Doug Drabek
74.6%
Team
Player
% Correct
Athletics
Bob Welch
69.7%
Blue Jays
Pat Hentgen
66.5%
Mets
Frank Viola
65.3%
Astros
Mike Hampton
61%
Twins
Brad Radke
60.7%
Rangers
Kevin Brown
59%
Giants
John Burkett
52.9%
Braves
Denny Neagle
49.4%
Giants
Bill Swift
47.4%
Twins
Scott Erickson
47.1%
Pirates
John Smiley
46.8%
Astros
Jose Lima
44.8%
Rangers
Rick Helling
43.4%
Tigers
Bill Gullickson
35%
Quiz Playlist
Details
Report
Send in Message
Add To Playlist
Classic:
Type in answers that appear in a list
Last Updated: Feb 16, 2017
Quiz Scoreboard
CHALLENGE
Sign Up to Join the Scoreboard
Show All
Scores
Hide
Comments
May contain spoilers
Recently Published
Holiday 10x10 Sorting Gallery
by lukepisani3
Holiday
15m
Two Season TV Shows II
by 123Four
Television
10m
Image Sorting: Flags VI
by Barbecue
Geography
2m
More to Explore
Quiz From the Vault
Featured Blog Post
14 Easter Pick-up Lines to Find Eggs With
hide this ad
You Might Also Like...
Tags
Baseball Quiz
MLB Quiz
1990s
20-Game
Player
team
Winner
Today's Top Quizzes in Sports
Browse Sports
hide this ad
Today's Top Quizzes in Baseball
Browse Baseball
Top Contributed Quizzes in Sports
1
Les meilleurs buteurs des matchs entre le PSG et l’OM
2
Les entraîneurs de l'OM et du PSG au 21e siècle
3
2022 World Cup Stars
4
Les joueurs passés par le PSG et l'OM
5
Players with Multiple 50 Home Run Seasons
6
FIFA Club World Cup Champions
7
Top 10 NHL Goal Scorers of All Time
8
Les joueurs passés par le LOSC et le RC Lens
9
Criteria MLB: Left Handed Sluggers
10
2023 MLB Unique Player Accomplishments
Explore More
Trending Topics
Kpop
Anime
NBA
Crossword
Disney
Marvel
Harry Potter
The Office
Soccer
Pokémon
Song
WWE
Puzzle
Country
NFL
hide this ad
More By:
grouchoatty
Quiz
Plays
Rating
Category
Featured
Created
1,000 RBIs, One Team
28,274
4.76
Sports
Aug 18, 2012
NBA All Star Rosters 1970-1979
938
4.60
Sports
Feb 14, 2012
Great Comedic Movie Quotes
886
4.50
Movies
Apr 18, 2010
150 Highest Yankee HR Hitter
885
4.57
Sports
Mar 5, 2012
Top 5 Yankee Home Run Hitters 1955-2011
835
5.00
Sports
Jul 18, 2012
Go to Creator's Profile
Score Distribution
Quiz Creator Spotlight
grouchoatty
Follow
Send a Message
Quizzes Created
-
Created Quiz Play Count
-
More By This Creator
Popular Quizzes Today
1
Find the US States - No Outlines Minefield
2
Colored Red Africa Blitz
3
Find the 'City' Movie
4
The Countries of the World
5
5x2 Blitz: Bands
6
Find the US States
7
Find the Countries of Europe - No Outlines Minefield
8
US States
More Sports Quizzes
MLB Home Run Leaders by Two-Decade Span
Published
Trending Quizzes
Colored Red Europe Blitz I
Colored Red Europe Blitz II
Colored Red Africa Blitz II
Colored Red Europe Blitz III
Colored Red Africa Blitz III
Recently Updated
Odd Team Out - Big 4 Players
pecheneg
Quick Pick: 20 Twenties
pecheneg
March Madness Men's Triple Doubles
pecheneg
How Do You Spell That?
pecheneg
Godzilla Movies
pecheneg
Grab Bag: 4-10 Letters
pecheneg
2024 March Madness Bracket
pecheneg
Famous TV Couples
Peacemaker
Champions League XIs: Real Madrid
pecheneg
Largest US Cities 1790-2010
pecheneg
Trending Topics
Disney
Anime
Harry Potter
NBA
Crossword
Marvel
Kpop
Country
Soccer
Song
Puzzle
WWE
NFL
The Office
Pokémon
Your Account Isn't Verified!
In order to create a playlist on Sporcle, you need to verify the email address you used during registration. Go to your
Sporcle Settings
to finish the process.
Report this User
Report this user for behavior that violates our
Community Guidelines
.
Details:
Send Report
Go to the Sporcle.com Mobile Site →
Comments